000 00684nam a2200289Ia 4500
005 20260324141538.0
008 008 260324s9999 xx 000 0 eng d
020 _a9780429442612
037 _aEBOOK
040 _aCRL
040 _beng
040 _cCRL
041 _2eng
041 _aeng
084 _qCRL
100 _aIan Bryan
_91208589
245 0 _aInterrogation and Confession
245 2 _bA Study of Progress, Process and Practice
260 _bTaylor and Francis
260 _c1997
365 _a
365 _b205
856 _uhttp://www.taylorfrancis.com/books/9780429442612
942 _cEBOOK
999 _c1811803
_d1811803